Identita a jazyk

Jazyk je významným prejavom vlastnej identity a stáva sa prostriedkom chápania identity iných. Identitu jednotlivca možno najlepšie pochopiť ako súčasť dvojice spolu so skupinovou identitou, pričom sa tieto vzájomne ovplyvňujú. Identita ako spoločenský konštrukt sa neustále buduje a vyvíja a nie je...

Ausführliche Beschreibung

Gespeichert in:
Bibliographische Detailangaben
1. Verfasser: Hrivíková, Tatiana, 1959-
Format: Buchkapitel
Sprache:Slowakisch
Schlagworte:
Tags: Tag hinzufügen
Keine Tags, Fügen Sie das erste Tag hinzu!

MARC

LEADER 00000nla$a2200000$$$4500
001 0113639
005 20240502072249.8
041 0 |a slo 
044 |a SK 
245 1 0 |a Identita a jazyk  |c Tatiana Hrivíková 
520 |a Jazyk je významným prejavom vlastnej identity a stáva sa prostriedkom chápania identity iných. Identitu jednotlivca možno najlepšie pochopiť ako súčasť dvojice spolu so skupinovou identitou, pričom sa tieto vzájomne ovplyvňujú. Identita ako spoločenský konštrukt sa neustále buduje a vyvíja a nie je možné ju chápať ako nemennú. 
610 2 0 |a identita 
610 2 0 |a osoby fyzické 
610 2 0 |a jazyk štátny 
610 2 0 |a komunikácia 
100 1 |a Hrivíková, Tatiana, 1959-